| 000 | 007430000a22002410004500 | ||
|---|---|---|---|
| 041 | 0 | _aEspañol | |
| 090 |
_aMM _b00002 |
||
| 245 | 1 | 0 | _aMejoramiento genético II |
| 300 |
_a20 min _b BETA |
||
| 650 | 1 | 4 |
_aBosques _992270 |
| 650 | 1 | 4 |
_aCultivos forestales _921515 |
| 650 | 1 | 4 |
_aSilvicultura _993264 |
| 650 | 1 | 4 |
_aMejoramiento genético forestal _9100889 |
| 650 | 1 | 4 |
_aMejoramiento de semillas _9100890 |
| 651 | 4 |
_dCaldas _pColombia _992749 |
|
| 651 | 4 |
_dCauca _pColombia _992749 |
|
| 651 | 4 |
_dCórdoba _pColombia _992749 |
|
| 653 |
_fPinaceae _gPinus _ePinus patula |
||
| 041 | 0 | _aEspañol | |
| 110 | 1 |
_aInstituto Nacional de los Recursos Renovables y del Ambiente _sINDERENA _9100867 |
|
| 260 |
_aBogotá _bINDERENA _c1992 |
||
| 942 | _cCD-ROM | ||
| 999 |
_c16472 _d16472 |
||